First choice: Student’s book B / Student’s book B

Na minha lista:
Detalhes bibliográficos
Autor principal: Wilson,Ken
Formato: Livro
Publicado em: Oxford : New York. 2007
Assuntos:
Tags: Adicionar Tag
Sem tags, seja o primeiro a adicionar uma tag!
Thư viện lưu trữ: Mạng thư viện Đại học Đà Nẵng
LEADER 00890nam a22002651a 4500
001 000038144
003 14439
005 20220907094449.0
008 160412s2007 000
020 |a 9780194305914 
082 |a 428  |b WI-K 
100 |a Wilson,Ken 
245 0 |a First choice: Student’s book B /  |c Ken Wilson & Thomas Healy  |n Student’s book B 
260 |c 2007  |a Oxford :  |b New York. 
300 |a 120tr. :  |b ill. ;  |c 30 cm. 
653 0 |a First choice 
OWN |a LNN 
AVA |a UDN50  |b LNN  |c English  |d 428WI-K  |e available  |t Error 5001 Not defined in file expand_doc_bib_avail.  |f 1  |g 0  |h N  |i 0  |j AN 
999 |a From the UDN01 
AVA |a UDN50  |b LNN  |c English  |d 428WI-K  |e available  |t Error 5001 Not defined in file expand_doc_bib_avail.  |f 1  |g 0  |h N  |i 0  |j AN 
TYP |a Monograph 
980 |a Mạng thư viện Đại học Đà Nẵng